<?xml version="1.0" encoding="UTF-8"?>
<record
    xmlns:xsi="http://www.w3.org/2001/XMLSchema-instance"
    xsi:schemaLocation="http://www.loc.gov/MARC21/slim http://www.loc.gov/standards/marcxml/schema/MARC21slim.xsd"
    xmlns="http://www.loc.gov/MARC21/slim">

  <leader>00565nam a22001817a 4500</leader>
  <controlfield tag="003">OSt</controlfield>
  <controlfield tag="008">260303b2022    |||||||| |||| 00| 0 eng d</controlfield>
  <datafield tag="020" ind1=" " ind2=" ">
    <subfield code="a">9781647823269</subfield>
  </datafield>
  <datafield tag="082" ind1=" " ind2=" ">
    <subfield code="a">158.7</subfield>
    <subfield code="b">HBR-</subfield>
  </datafield>
  <datafield tag="245" ind1=" " ind2=" ">
    <subfield code="a">HBR guide to better mental health at work /</subfield>
    <subfield code="c">Harvard Business Review</subfield>
  </datafield>
  <datafield tag="260" ind1=" " ind2=" ">
    <subfield code="a">Boston :</subfield>
    <subfield code="b">Harvard Business Review,</subfield>
    <subfield code="c">2022.</subfield>
  </datafield>
  <datafield tag="300" ind1=" " ind2=" ">
    <subfield code="a">xiii, 240 p. ;</subfield>
  </datafield>
  <datafield tag="650" ind1=" " ind2=" ">
    <subfield code="a">Quality of work life - psychological aspects</subfield>
  </datafield>
  <datafield tag="650" ind1=" " ind2=" ">
    <subfield code="a">Employes - mental health</subfield>
  </datafield>
  <datafield tag="650" ind1=" " ind2=" ">
    <subfield code="a">Psychology pathological</subfield>
  </datafield>
  <datafield tag="650" ind1=" " ind2=" ">
    <subfield code="a">Stigma (social psychology)</subfield>
  </datafield>
  <datafield tag="942" ind1=" " ind2=" ">
    <subfield code="2">ddc</subfield>
    <subfield code="c">BK</subfield>
  </datafield>
  <datafield tag="999" ind1=" " ind2=" ">
    <subfield code="c">21553</subfield>
    <subfield code="d">21553</subfield>
  </datafield>
  <datafield tag="952" ind1=" " ind2=" ">
    <subfield code="0">0</subfield>
    <subfield code="1">0</subfield>
    <subfield code="2">ddc</subfield>
    <subfield code="4">0</subfield>
    <subfield code="7">0</subfield>
    <subfield code="a">SOBD</subfield>
    <subfield code="b">SOBD</subfield>
    <subfield code="d">2026-02-17</subfield>
    <subfield code="e">All India Book House</subfield>
    <subfield code="f">INR</subfield>
    <subfield code="g">750.00</subfield>
    <subfield code="o">158.7 HBR-1</subfield>
    <subfield code="p">008269</subfield>
    <subfield code="r">2026-03-03</subfield>
    <subfield code="t">1</subfield>
    <subfield code="w">2026-02-17</subfield>
    <subfield code="y">REF</subfield>
    <subfield code="k">NA/IN/1929</subfield>
  </datafield>
  <datafield tag="952" ind1=" " ind2=" ">
    <subfield code="0">0</subfield>
    <subfield code="1">0</subfield>
    <subfield code="2">ddc</subfield>
    <subfield code="4">0</subfield>
    <subfield code="7">0</subfield>
    <subfield code="a">SOBD</subfield>
    <subfield code="b">SOBD</subfield>
    <subfield code="d">2026-02-17</subfield>
    <subfield code="e">All India Book House</subfield>
    <subfield code="f">INR</subfield>
    <subfield code="g">750.00</subfield>
    <subfield code="o">158.7 HBR-2</subfield>
    <subfield code="p">008270</subfield>
    <subfield code="r">2026-03-03</subfield>
    <subfield code="t">2</subfield>
    <subfield code="w">2026-02-17</subfield>
    <subfield code="y">BK</subfield>
    <subfield code="k">NA/IN/1929</subfield>
  </datafield>
  <datafield tag="952" ind1=" " ind2=" ">
    <subfield code="0">0</subfield>
    <subfield code="1">0</subfield>
    <subfield code="2">ddc</subfield>
    <subfield code="4">0</subfield>
    <subfield code="7">0</subfield>
    <subfield code="a">SOBD</subfield>
    <subfield code="b">SOBD</subfield>
    <subfield code="d">2026-02-17</subfield>
    <subfield code="e">All India Book House</subfield>
    <subfield code="f">INR</subfield>
    <subfield code="g">750.00</subfield>
    <subfield code="o">158.7 HBR-3</subfield>
    <subfield code="p">008271</subfield>
    <subfield code="r">2026-03-03</subfield>
    <subfield code="t">3</subfield>
    <subfield code="w">2026-02-17</subfield>
    <subfield code="y">BK</subfield>
    <subfield code="k">NA/IN/1929</subfield>
  </datafield>
</record>
